000 00730cab a2200265 4500
001 WB3025-29
008 090401t1994 xxu||||| |||| 00| 0 eng d
035 _a(Sirsi) u28386
041 _aeng
245 _aHousing market falters
260 _c1994
350 _a0
490 _aTimes
_v29 June 1994, 27(1)
520 _aHigher taxes and the collapse in world bond markets have hurt the housing market.
650 _aBOND MARKETS
650 _aFIXED-RATE MORTGAGES
650 _aHOUSING MARKET
650 _aINTEREST RATES
650 _aMORTGAGES
650 _aRECOVERY
690 _aHOUSING-FINANCE
690 _aPROPERTY-RESIDENTIAL PROPERTY-RESIDENTIAL PROPERTY MARKET
942 _n0
948 _c04/03/1997
999 _c19121
_d19121